| 000 | 00675nam a2200205 4500 | ||
|---|---|---|---|
| 001 | 116383 | ||
| 003 | ES-MaACL | ||
| 005 | 20231221183855.0 | ||
| 007 | t| | ||
| 008 | 061121s1929 sp r ||||1| spa d | ||
| 100 | 1 |
_aOssorio y Gallardo, Ángel, _d1873-1946 _9138613 |
|
| 245 | 1 | 0 |
_aBases para la organización judicial / _cAngel Ossorio y Gallardo. |
| 260 |
_aMadrid : _bJuan Pueyo, _c1929. |
||
| 300 |
_a236 p. ; _c19 cm. |
||
| 490 | 1 | _aEstudios políticos, sociales y económicos | |
| 650 | 4 |
_aAdministración de justicia- _zEspaña. _99621 |
|
| 830 | 0 |
_aEstudios políticos, sociales y económicos _9186367 |
|
| 852 |
_aES-MaACL _jB-13625 |
||
| 999 |
_c116383 _d116383 |
||